[Event "DEM U18 2025"]
[Site "Willingen GER"]
[Date "2025.06.14"]
[Round "9"]
[White "Eitel, Luc"]
[Black "Stützer, Kiran"]
[Result "1-0"]
[Termination "normal"]
[Board "15"]
[WhiteElo "1935"]
[BlackElo "1869"]
[WhiteClock "00:15:43"]
[BlackClock "00:41:28"]
[PlyCount "95"]
[WhiteFideId "16299728"]
[BlackFideId "34665374"]
[EventCountry "GER"]
[EventRounds "9"]
[EventType "swiss"]
[EventDate "2025.06.07"]

1. e4 {[%clk 01:30:43]} {[%emt 00:00:16]} c5 {[%clk 01:30:56]} {[%emt
00:00:06]} 2. Nf3 {[%clk 01:31:10]} {[%emt 00:00:03]} d6 {[%clk 01:31:22]}
{[%emt 00:00:03]} 3. d4 {[%clk 01:31:37]} {[%emt 00:00:03]} cxd4 {[%clk
01:31:47]} {[%emt 00:00:04]} 4. Nxd4 {[%clk 01:32:03]} {[%emt 00:00:04]} Nf6
{[%clk 01:32:12]} {[%emt 00:00:05]} 5. Nc3 {[%clk 01:32:30]} {[%emt 00:00:03]}
g6 {[%clk 01:32:37]} {[%emt 00:00:04]} 6. Be3 {[%clk 01:32:56]} {[%emt
00:00:03]} a6 {[%clk 01:33:02]} {[%emt 00:00:05]} 7. f3 {[%clk 01:33:05]}
{[%emt 00:00:20]} h5 {[%clk 01:33:27]} {[%emt 00:00:04]} 8. Qd2 {[%clk
01:33:32]} {[%emt 00:00:05]} Nbd7 {[%clk 01:33:53]} {[%emt 00:00:04]} 9. Be2
{[%clk 01:33:57]} {[%emt 00:00:05]} Bg7 {[%clk 01:34:15]} {[%emt 00:00:05]} 10.
O-O {[%clk 01:34:20]} {[%emt 00:00:10]} O-O {[%clk 01:34:41]} {[%emt 00:00:04]}
11. Rad1 {[%clk 01:34:36]} {[%emt 00:00:12]} Re8 {[%clk 01:34:02]} {[%emt
00:01:10]} 12. Kh1 {[%clk 01:33:58]} {[%emt 00:01:09]} b5 {[%clk 01:32:51]}
{[%emt 00:01:42]} 13. a4 {[%clk 01:34:13]} {[%emt 00:00:15]} bxa4 {[%clk
01:31:46]} {[%emt 00:01:35]} 14. Nxa4 {[%clk 01:34:35]} {[%emt 00:00:09]} Qc7
{[%clk 01:28:48]} {[%emt 00:03:27]} 15. c4 {[%clk 01:30:16]} {[%emt 00:04:49]}
Bb7 {[%clk 01:26:22]} {[%emt 00:02:56]} 16. b4 {[%clk 01:29:12]} {[%emt
00:01:34]} Rac8 {[%clk 01:21:31]} {[%emt 00:05:20]} 17. b5 {[%clk 01:15:59]}
{[%emt 00:13:44]} Ne5 {[%clk 01:12:36]} {[%emt 00:09:25]} 18. b6 {[%clk
01:11:55]} {[%emt 00:04:33]} Qd8 {[%clk 01:06:32]} {[%emt 00:06:34]} 19. Qb4
{[%clk 01:06:38]} {[%emt 00:05:41]} Nfd7 {[%clk 01:01:51]} {[%emt 00:05:18]}
20. Nb3 {[%clk 01:00:15]} {[%emt 00:06:53]} Nc6 {[%clk 00:55:19]} {[%emt
00:07:02]} 21. Qa3 {[%clk 01:00:08]} {[%emt 00:00:31]} Nf6 {[%clk 00:51:20]}
{[%emt 00:04:34]} 22. Nbc5 {[%clk 00:53:17]} {[%emt 00:07:21]} Rb8 {[%clk
00:50:01]} {[%emt 00:01:50]} 23. Nb3 {[%clk 00:48:11]} {[%emt 00:05:35]} h4
{[%clk 00:46:56]} {[%emt 00:03:35]} 24. c5 {[%clk 00:44:26]} {[%emt 00:04:15]}
d5 {[%clk 00:43:33]} {[%emt 00:03:54]} 25. Nc3 {[%clk 00:28:58]} {[%emt
00:15:56]} e6 {[%clk 00:41:16]} {[%emt 00:02:48]} 26. Bf4 {[%clk 00:26:56]}
{[%emt 00:02:32]} e5 {[%clk 00:38:10]} {[%emt 00:03:37]} 27. exd5 {[%clk
00:26:09]} {[%emt 00:01:17]} exf4 {[%clk 00:37:57]} {[%emt 00:00:43]} 28. dxc6
{[%clk 00:26:07]} {[%emt 00:00:31]} Qe7 {[%clk 00:37:32]} {[%emt 00:00:54]} 29.
cxb7 {[%clk 00:24:33]} {[%emt 00:02:05]} Nh5 {[%clk 00:36:52]} {[%emt
00:01:10]} 30. Ne4 {[%clk 00:17:54]} {[%emt 00:07:09]} f5 {[%clk 00:33:20]}
{[%emt 00:04:01]} 31. Bc4+ {[%clk 00:14:09]} {[%emt 00:04:16]} Kh7 {[%clk
00:32:13]} {[%emt 00:01:37]} 32. Nd6 {[%clk 00:04:04]} {[%emt 00:10:35]} Ng3+
{[%clk 00:24:29]} {[%emt 00:08:14]} 33. Kg1 {[%clk 00:04:19]} {[%emt 00:00:14]}
Qe3+ {[%clk 00:23:35]} {[%emt 00:01:24]} 34. Rf2 {[%clk 00:03:58]} {[%emt
00:00:50]} Bd4 {[%clk 00:22:07]} {[%emt 00:02:00]} 35. Nxd4 {[%clk 00:02:16]}
{[%emt 00:02:12]} Qxa3 {[%clk 00:21:56]} {[%emt 00:00:41]} 36. Nxe8 {[%clk
00:01:42]} {[%emt 00:01:05]} Rxe8 {[%clk 00:20:17]} {[%emt 00:02:09]} 37. hxg3
{[%clk 00:01:05]} {[%emt 00:01:07]} hxg3 {[%clk 00:17:56]} {[%emt 00:02:50]}
38. Re2 {[%clk 00:00:54]} {[%emt 00:00:40]} Rxe2 {[%clk 00:17:50]} {[%emt
00:00:38]} 39. Nxe2 {[%clk 00:01:09]} {[%emt 00:00:16]} Qxc5+ {[%clk 00:17:28]}
{[%emt 00:00:52]} 40. Kh1 {[%clk 00:01:19]} {[%emt 00:00:14]} Qxb6 {[%clk
00:16:55]} {[%emt 00:01:09]} 41. Rd7+ {[%clk 00:29:30]} {[%emt 00:02:18]} Kh6
{[%clk 00:44:13]} {[%emt 00:03:14]} 42. Bxa6 {[%clk 00:27:30]} {[%emt
00:02:30]} Kg5 {[%clk 00:42:22]} {[%emt 00:02:20]} 43. Rh7 {[%clk 00:19:07]}
{[%emt 00:08:47]} Qa7 {[%clk 00:41:53]} {[%emt 00:01:05]} 44. Rh8 {[%clk
00:15:35]} {[%emt 00:03:43]} Qxa6 {[%clk 00:41:47]} {[%emt 00:00:56]} 45. b8=Q
{[%clk 00:15:35]} {[%emt 00:00:29]} Qa1+ {[%clk 00:41:52]} {[%emt 00:00:26]}
46. Ng1 {[%clk 00:15:12]} {[%emt 00:00:52]} Qxh8+ {[%clk 00:42:11]} {[%emt
00:00:12]} 47. Nh3+ {[%clk 00:15:21]} {[%emt 00:00:21]} Qxh3+ {[%clk 00:41:28]}
{[%emt 00:01:14]} 48. gxh3 {[%clk 00:15:43]} {[%emt 00:00:05]} 1-0